| 000 | 00348nam a2200133Ia 4500 | ||
|---|---|---|---|
| 008 | 220204s9999 xx 000 0 und d | ||
| 082 |
_a582.5/.9 _bCOU |
||
| 100 | _aCHAMBERLAIN, Charles Joseph | ||
| 245 | 0 | _aMorphology of angiosperms | |
| 260 |
_aAllahabad _bCentral _c1965 |
||
| 650 | _aAngiosperm | ||
| 700 | _aCOULTER, John Merle | ||
| 942 | _cBK | ||
| 999 |
_c21199 _d21199 |
||